[Event "Mare di Fano op 2nd"]
[Site "Fano"]
[Date "2013.08.04"]
[Round "9"]
[White "Chierici, Marianna"]
[Black "Coppola, Federico"]
[Result "0-1"]
[WhiteElo "2076"]
[BlackElo "1957"]
[PlyCount "126"]
[EventDate "2013.07.29"]
[EventType "swiss"]
[EventRounds "9"]
[EventCountry "ITA"]
[SourceTitle "EXT 2015"]
[Source "ChessBase"]
[SourceDate "2014.11.20"]
[SourceVersion "1"]
[SourceVersionDate "2014.11.20"]
[SourceQuality "1"]

1. d4 Nf6 2. Nf3 e6 3. e3 b6 4. Nbd2 Bb7 5. Bd3 d5 6. b3 Bd6 7. Bb2 0-0 8. 0-0 Nbd7 9. Ne5 Ne4 10. f3 Nxd2 11. Qxd2 c5 12. f4 f5 13. Nxd7 Qxd7 14. Rf3 Rac8 15. Qe2 c4 16. bxc4 dxc4 17. Bxc4 Bxf3 18. gxf3 Rf6 19. Kh1 Rg6 20. Bb3 b5 21. Rd1 Re8 22. Qd3 a5 23. a3 Kh8 24. d5 e5 25. fxe5 Bxe5 26. Bxe5 Rxe5 27. a4 bxa4 28. Qc3 Re8 29. Bc4 Rc8 30. Bb5 Rxc3 31. Bxd7 Rd6 32. Bxa4 Rxe3 33. Kg2 g5 34. Kf2 Ra3 35. Rd4 Kg7 36. Bb5 Rc3 37. Bd3 Kf6 38. f4 gxf4 39. Kf3 Ke5 40. Rxf4 Rxd3+ 41. cxd3 Rxd5 42. Rc4 Rxd3+ 43. Ke2 Rh3 44. Rc5+ Ke4 45. Rxa5 Rxh2+ 46. Kf1 h5 47. Ra3 Kf4 48. Ra4+ Kg5 49. Ra8 Rb2 50. Kg1 f4 51. Rg8+ Kf5 52. Rf8+ Kg4 53. Rg8+ Kf3 54. Ra8 Rd2 55. Ra3+ Kg4 56. Ra8 Rd5 57. Kf2 h4 58. Ra2 h3 59. Kg1 f3 60. Kh2 Rf5 61. Kg1 Re5 62. Kf1 Kg3 63. Ra3 Rb5 0-1

[Event "Mare di Fano op 2nd"]
[Site "Fano"]
[Date "2013.08.02"]
[Round "7"]
[White "Rezzuti, Vincenzo"]
[Black "Chierici, Marianna"]
[Result "1-0"]
[WhiteElo "1930"]
[BlackElo "2076"]
[PlyCount "57"]
[EventDate "2013.07.29"]
[EventType "swiss"]
[EventRounds "9"]
[EventCountry "ITA"]
[SourceTitle "EXT 2015"]
[Source "ChessBase"]
[SourceDate "2014.11.20"]
[SourceVersion "1"]
[SourceVersionDate "2014.11.20"]
[SourceQuality "1"]

1. e4 Nf6 2. e5 Nd5 3. c4 Nb6 4. c5 Nd5 5. Bc4 c6 6. Qb3 e6 7. d4 b6 8. cxb6 axb6 9. Nf3 Ba6 10. 0-0 Be7 11. Nc3 0-0 12. Ne4 Qc7 13. Bd2 f6 14. Rfe1 f5 15. Nc3 Qd8 16. Bxd5 cxd5 17. Nxd5 exd5 18. Qxd5+ Kh8 19. Qxa8 g5 20. Bc3 b5 21. a3 Qb6 22. Qd5 g4 23. Nd2 Bb7 24. Qb3 Qc6 25. d5 Qxd5 26. Qxd5 Bxd5 27. e6+ Kg8 28. exd7 Bc5 29. Re5 1-0

[Event "Malta op"]
[Site "Bugibba"]
[Date "2012.11.21"]
[Round "5"]
[White "Chierici, Marianna"]
[Black "Velten, Paul"]
[Result "0-1"]
[WhiteElo "2066"]
[BlackElo "2328"]
[PlyCount "60"]
[EventDate "2012.11.18"]
[EventType "swiss"]
[EventRounds "9"]
[EventCountry "MLT"]
[SourceTitle "CBM 151 Extra"]
[Source "ChessBase"]
[SourceDate "2012.12.18"]
[SourceVersion "1"]
[SourceVersionDate "2012.12.18"]
[SourceQuality "1"]

1. d4 Nf6 2. Nc3 d5 3. Bg5 Bf5 4. f3 Nbd7 5. Qd2 h6 6. Bh4 c6 7. e3 e5 8. dxe5 Nxe5 9. 0-0-0 Be7 10. Bg3 Ned7 11. Nge2 Nc5 12. Qd4 0-0 13. Nf4 Rc8 14. Bf2 Bh7 15. g4 b5 16. h4 b4 17. Nce2 Qa5 18. g5 Nfd7 19. Nh5 Ne6 20. Qg4 Qxa2 21. Nd4 Ne5 22. Qg3 Nxd4 23. Rxd4 Bd6 24. f4 Qa1+ 25. Kd2 Qxb2 26. e4 Bxe4 27. Rxe4 dxe4 28. fxe5 Bxe5 29. Qb3 Rcd8+ 30. Ke2 Qc1 0-1

[Event "Mare di Fano op 1st"]
[Site "Fano"]
[Date "2012.08.04"]
[Round "8"]
[White "Rovedi, Mauro"]
[Black "Chierici, Marianna"]
[Result "0-1"]
[WhiteElo "2056"]
[BlackElo "2050"]
[PlyCount "108"]
[EventDate "2012.07.30"]
[EventType "swiss"]
[EventRounds "9"]
[EventCountry "ITA"]
[SourceTitle "EXT 2015"]
[Source "ChessBase"]
[SourceDate "2014.11.20"]
[SourceVersion "1"]
[SourceVersionDate "2014.11.20"]
[SourceQuality "1"]

1. f4 c5 2. Nf3 Nf6 3. g3 Nc6 4. Bg2 d5 5. d3 g6 6. 0-0 Bg7 7. Nbd2 Ng4 8. Nb3 Qb6 9. c4 dxc4 10. dxc4 Be6 11. h3 Rd8 12. Qc2 Nb4 13. Qb1 Bxc4 14. hxg4 Bxe2 15. Be3 Qe6 16. Bxc5 Nd3 17. Qc2 Bxf1 18. Bxf1 Nxc5 19. Qxc5 Qxg4 20. Bb5+ Kf8 21. Kg2 Bxb2 22. Ne5 Qc8 23. Rf1 Qxc5 24. Nxc5 Bxe5 25. fxe5 Rd5 26. e6 Rf5 27. Rxf5 gxf5 28. Bd3 fxe6 29. Nxe6+ Kf7 30. Bxf5 Kf6 31. g4 h5 32. Kg3 hxg4 33. Bxg4 Rg8 34. Nc5 b6 35. Nd7+ Kg5 36. Ne5 Rb8 37. Nc6 Re8 38. Nxa7 e5 39. Nc8 Rd8 40. Be6 Rd3+ 41. Kf2 b5 42. Bb3 Kf4 43. Na7 Rd2+ 44. Ke1 Ke3 45. Nxb5 Rh2 46. Bc4 Rc2 47. Bb3 Rc1+ 48. Bd1 Kd3 49. Nd6 Ra1 50. a4 Ra2 51. Nb7 Ke3 52. Nd6 e4 53. Nf5+ Kd3 54. Be2+ Rxe2+ 0-1

[Event "Mare di Fano op 1st"]
[Site "Fano"]
[Date "2012.08.03"]
[Round "7"]
[White "Chierici, Marianna"]
[Black "Varvaglione, Antonio"]
[Result "1/2-1/2"]
[WhiteElo "2050"]
[BlackElo "2011"]
[PlyCount "92"]
[EventDate "2012.07.30"]
[EventType "swiss"]
[EventRounds "9"]
[EventCountry "ITA"]
[SourceTitle "EXT 2015"]
[Source "ChessBase"]
[SourceDate "2014.11.20"]
[SourceVersion "1"]
[SourceVersionDate "2014.11.20"]
[SourceQuality "1"]

1. d4 Nf6 2. Bg5 e6 3. e4 h6 4. Bxf6 Qxf6 5. e5 Qd8 6. Nc3 Be7 7. Qg4 0-0 8. 0-0-0 d5 9. h4 c5 10. Rh3 cxd4 11. Rg3 g6 12. Nb5 Bxh4 13. f4 Bxg3 14. Qxg3 Nc6 15. Bd3 Ne7 16. Nf3 Kg7 17. Rh1 Rh8 18. Qh4 Nf5 19. Qh3 a6 20. Na3 Qb6 21. g4 Ne3 22. Qh4 Qd8 23. Qg3 Nc4 24. Bxc4 dxc4 25. Nxc4 Qd5 26. b3 Qc5 27. Qh4 Bd7 28. Qf6+ Kg8 29. Nd6 Be8 30. f5 d3 31. Nd4 Qxd4 32. fxg6 d2+ 33. Kb1 d1Q+ 34. Rxd1 Qxd1+ 35. Kb2 Qxg4 36. gxf7+ Kh7 37. Qxh8+ Kxh8 38. f8Q+ Kh7 39. Nxe8 Qd4+ 40. Kb1 Qg1+ 41. Kb2 Rxe8 42. Qxe8 Qd4+ 43. Kc1 Qa1+ 44. Kd2 Qd4+ 45. Kc1 Qa1+ 46. Kd2 Qd4+ 1/2-1/2

[Event "Mare di Fano op 1st"]
[Site "Fano"]
[Date "2012.08.02"]
[Round "5"]
[White "Chierici, Marianna"]
[Black "Gallucci, Alessio"]
[Result "0-1"]
[WhiteElo "2050"]
[BlackElo "2245"]
[PlyCount "110"]
[EventDate "2012.07.30"]
[EventType "swiss"]
[EventRounds "9"]
[EventCountry "ITA"]
[SourceTitle "EXT 2015"]
[Source "ChessBase"]
[SourceDate "2014.11.20"]
[SourceVersion "1"]
[SourceVersionDate "2014.11.20"]
[SourceQuality "1"]

1. d4 Nf6 2. Nc3 d5 3. Bg5 Nbd7 4. f3 c5 5. dxc5 h6 6. Bh4 e6 7. e4 dxe4 8. fxe4 Bxc5 9. e5 Nxe5 10. Qxd8+ Kxd8 11. 0-0-0+ Ke7 12. Ne4 Be3+ 13. Kb1 g5 14. Nxf6 gxh4 15. Nh5 Bb6 16. Re1 Ng4 17. Nh3 Ne3 18. Bd3 Bd7 19. Be4 Bc6 20. Bxc6 bxc6 21. Re2 Rhg8 22. N5f4 e5 23. Nd3 f6 24. c4 Bd4 25. Nb4 c5 26. Rxe3 cxb4 27. Re2 Rg4 28. Rd1 Bb6 29. b3 Rag8 30. Rdd2 Kf7 31. Rc2 Bd4 32. a3 a5 33. a4 Rd8 34. Rcd2 Rdg8 35. Rc2 h5 36. Rcd2 R8g7 37. Rc2 Kf8 38. Rcd2 Kg8 39. Rc2 Kh8 40. Rcd2 Kh7 41. Rc2 Kg8 42. Rcd2 Kf7 43. Rc2 Ke6 44. Rcd2 Kd6 45. Nf2 Rf4 46. Ne4+ Kc6 47. Kc2 Rg6 48. Rd3 Rf1 49. Rf3 Rxf3 50. gxf3 f5 51. Nd2 Rg1 52. c5 Kxc5 53. Nc4 h3 54. Nxe5 Bxe5 55. Rxe5+ Kd4 0-1

[Event "Reggio Emilia (Women) 54th"]
[Site "Reggio Emilia"]
[Date "2012.01.06"]
[Round "10"]
[White "Chierici, Marianna"]
[Black "Videnova, Iva"]
[Result "0-1"]
[WhiteElo "2048"]
[BlackElo "2297"]
[PlyCount "90"]
[EventDate "2011.12.27"]
[EventType "tourn"]
[EventRounds "10"]
[EventCountry "ITA"]
[SourceTitle "CBM 146 Extra"]
[Source "ChessBase"]
[SourceDate "2012.02.29"]
[SourceVersion "1"]
[SourceVersionDate "2012.02.29"]
[SourceQuality "1"]

1. e4 c5 2. c3 d5 3. exd5 Qxd5 4. d4 g6 5. Nf3 Bg7 6. Na3 cxd4 7. Bc4 Qe4+ 8. Be3 Nh6 9. Bd3 Qd5 10. Nb5 Na6 11. cxd4 0-0 12. Nc3 Qa5 13. a3 Nf5 14. 0-0 Rd8 15. b4 Qb6 16. Na4 Qd6 17. Rc1 Nc7 18. Be4 Nd5 19. Qd3 Nfxe3 20. fxe3 Bh6 21. Bxd5 Qxd5 22. Rc5 Bf5 23. Qc3 Qd7 24. Nb2 b6 25. Ne5 Qe8 26. Rc6 Rac8 27. b5 f6 28. Qb3+ Kg7 29. Rxc8 Rxc8 30. Nc6 Qd7 31. d5 Be4 32. Rd1 Qg4 33. Rd2 Rc7 34. Nd1 Rd7 35. Nb4 e6 36. d6 Rxd6 37. Qc3 Rxd2 38. Qxd2 e5 39. h3 Qc8 40. Qd6 Qf8 41. Qc7+ Qf7 42. Qb8 Qd7 43. Nc3 Bxe3+ 44. Kh2 Bf4+ 45. Kg1 Qd4+ 0-1

[Event "Reggio Emilia (Women) 54th"]
[Site "Reggio Emilia"]
[Date "2012.01.04"]
[Round "8"]
[White "Chierici, Marianna"]
[Black "Guramishvili, Sopiko"]
[Result "1/2-1/2"]
[WhiteElo "2048"]
[BlackElo "2374"]
[PlyCount "126"]
[EventDate "2011.12.27"]
[EventType "tourn"]
[EventRounds "10"]
[EventCountry "ITA"]
[SourceTitle "CBM 146 Extra"]
[Source "ChessBase"]
[SourceDate "2012.02.29"]
[SourceVersion "1"]
[SourceVersionDate "2012.02.29"]
[SourceQuality "1"]

1. e4 c5 2. c3 d6 3. d4 Nf6 4. Bd3 g6 5. Nf3 Bg7 6. 0-0 0-0 7. Re1 cxd4 8. cxd4 Bg4 9. Nbd2 Nc6 10. h3 Bxf3 11. Nxf3 Qb6 12. Be3 Qxb2 13. Rb1 Qa3 14. Rxb7 Rab8 15. Rc7 Nb4 16. Bb1 Nxa2 17. Qd2 Rb2 18. Rxa7 Qc3 19. Bxa2 Rxd2 20. Bxd2 Qc6 21. Rxe7 d5 22. e5 Ne4 23. Be3 Ra8 24. Rc1 Nc3 25. Rxc3 Qxc3 26. Bxd5 Qa1+ 27. Kh2 Rd8 28. Bxf7+ Kf8 29. Rc7 Qa5 30. Rb7 Qa6 31. Rc7 Qa5 32. Ng5 Qxc7 33. Ne6+ Kxf7 34. Nxc7 Rc8 35. Nd5 Rc2 36. Kg3 Ke6 37. Nf4+ Kf5 38. Kf3 Bxe5 39. dxe5 Kxe5 40. Kg4 Kf6 41. Bd4+ Kf7 42. Kf3 Rc4 43. Ke4 Rc1 44. Nd3 Rg1 45. g3 Rd1 46. f4 Rh1 47. Nf2 Re1+ 48. Kf3 Ke6 49. Bc3 Rb1 50. Ne4 Kd5 51. Nf6+ Kc4 52. Nxh7 Kxc3 53. Nf8 Rb6 54. g4 Kd4 55. g5 Rd6 56. h4 Ra6 57. h5 gxh5 58. Kg3 Ke4 59. g6 Ra1 60. Kg2 Ra7 61. Ne6 Kf5 62. g7 Rxg7+ 63. Nxg7+ Kxf4 1/2-1/2

[Event "Reggio Emilia (Women) 54th"]
[Site "Reggio Emilia"]
[Date "2012.01.03"]
[Round "7"]
[White "Sharevich, Anna"]
[Black "Chierici, Marianna"]
[Result "1-0"]
[WhiteElo "2267"]
[BlackElo "2048"]
[PlyCount "83"]
[EventDate "2011.12.27"]
[EventType "tourn"]
[EventRounds "10"]
[EventCountry "ITA"]
[SourceTitle "CBM 146 Extra"]
[Source "ChessBase"]
[SourceDate "2012.02.29"]
[SourceVersion "1"]
[SourceVersionDate "2012.02.29"]
[SourceQuality "1"]

1. d4 Nf6 2. c4 g6 3. Nc3 d5 4. cxd5 Nxd5 5. e4 Nxc3 6. bxc3 Bg7 7. Bc4 c5 8. Ne2 Nc6 9. Be3 0-0 10. 0-0 Bg4 11. f3 Na5 12. Bd3 cxd4 13. cxd4 Be6 14. Qa4 Bd7 15. Qb4 b5 16. Rac1 a6 17. Rc2 Nc6 18. Qd2 Qb8 19. e5 a5 20. Rc5 Nb4 21. Be4 Ra7 22. f4 f5 23. Bf3 Rc8 24. Rxc8+ Qxc8 25. a3 Nc2 26. Rc1 Rc7 27. Qxa5 e6 28. d5 Rc4 29. Bf2 g5 30. dxe6 Bxe6 31. Rd1 Bf8 32. fxg5 Nxa3 33. Qb6 Qe8 34. Nd4 Bf7 35. e6 Bh5 36. e7 Bxe7 37. Bd5+ Bf7 38. Bxc4 bxc4 39. Nxf5 Bxg5 40. h4 Qa4 41. Qb8+ Be8 42. Re1 1-0

[Event "Reggio Emilia (Women) 54th"]
[Site "Reggio Emilia"]
[Date "2012.01.02"]
[Round "6"]
[White "Chierici, Marianna"]
[Black "De Rosa, Mariagrazia"]
[Result "1/2-1/2"]
[WhiteElo "2048"]
[BlackElo "2122"]
[PlyCount "83"]
[EventDate "2011.12.27"]
[EventType "tourn"]
[EventRounds "10"]
[EventCountry "ITA"]
[SourceTitle "CBM 146 Extra"]
[Source "ChessBase"]
[SourceDate "2012.02.29"]
[SourceVersion "1"]
[SourceVersionDate "2012.02.29"]
[SourceQuality "1"]

1. e4 c5 2. Nf3 d6 3. d4 cxd4 4. Nxd4 Nf6 5. Nc3 a6 6. Qf3 g6 7. Be3 Bg7 8. Bc4 Qc7 9. Bb3 Nc6 10. h3 Ne5 11. Qe2 b5 12. a4 b4 13. Nd5 Nxd5 14. exd5 Bb7 15. a5 Rc8 16. 0-0 Nc4 17. Ba4+ Kf8 18. Qf3 Kg8 19. c3 bxc3 20. bxc3 h6 21. Rab1 Bf6 22. Nc6 Bxc6 23. dxc6 Qxa5 24. Qg4 Nxe3 25. fxe3 Kg7 26. Rb7 Qxc3 27. Rf3 h5 28. Qe4 Be5 29. Rxe7 Rhf8 30. Qd5 Qa1+ 31. Bd1 Bf6 32. Rd7 Rb8 33. c7 Rb1 34. Rf1 Qc3 35. Qe4 Rc1 36. Rxd6 Bg5 37. Rd3 Qxc7 38. Qd4+ Kg8 39. Qd5 Qe7 40. e4 Qc5+ 41. Qxc5 Rxc5 42. Bb3 1/2-1/2

[Event "Reggio Emilia (Women) 54th"]
[Site "Reggio Emilia"]
[Date "2011.12.31"]
[Round "5"]
[White "Videnova, Iva"]
[Black "Chierici, Marianna"]
[Result "0-1"]
[WhiteElo "2297"]
[BlackElo "2048"]
[PlyCount "82"]
[EventDate "2011.12.27"]
[EventType "tourn"]
[EventRounds "10"]
[EventCountry "ITA"]
[SourceTitle "CBM 146 Extra"]
[Source "ChessBase"]
[SourceDate "2012.02.29"]
[SourceVersion "1"]
[SourceVersionDate "2012.02.29"]
[SourceQuality "1"]

1. e4 Nf6 2. e5 Nd5 3. d4 d6 4. Nf3 dxe5 5. Nxe5 c6 6. Bd3 Nd7 7. Nf3 g6 8. a3 Bg7 9. c4 Nc7 10. Be3 0-0 11. Nc3 b5 12. Be4 bxc4 13. Bxc6 Rb8 14. Ra2 Rb6 15. Ba4 Rd6 16. Ne4 Re6 17. Nfg5 Rb6 18. Nd2 Ba6 19. Qc2 e5 20. Ngf3 exd4 21. Nxd4 Nc5 22. Nc6 Qe8 23. 0-0 Nxa4 24. Bxb6 Nxb6 25. Nb4 Bb5 26. Raa1 Qe5 27. a4 Bd7 28. a5 Nbd5 29. Nxd5 Nxd5 30. Nxc4 Qg5 31. Ra3 Rc8 32. Qe4 Nf4 33. Rg3 Qf5 34. Re1 Re8 35. Qxe8+ Bxe8 36. Rxe8+ Bf8 37. h3 Qc2 38. Ne3 Ne2+ 39. Kh2 Qc6 40. Rxf8+ Kxf8 41. Rg4 Qc1 0-1

[Event "Reggio Emilia (Women) 54th"]
[Site "Reggio Emilia"]
[Date "2011.12.29"]
[Round "3"]
[White "Guramishvili, Sopiko"]
[Black "Chierici, Marianna"]
[Result "1-0"]
[WhiteElo "2374"]
[BlackElo "2048"]
[PlyCount "53"]
[EventDate "2011.12.27"]
[EventType "tourn"]
[EventRounds "10"]
[EventCountry "ITA"]
[SourceTitle "CBM 146 Extra"]
[Source "ChessBase"]
[SourceDate "2012.02.29"]
[SourceVersion "1"]
[SourceVersionDate "2012.02.29"]
[SourceQuality "1"]

1. d4 Nf6 2. c4 g6 3. Nc3 d5 4. Nf3 Bg7 5. Bg5 c6 6. e3 Ne4 7. Bh4 Nxc3 8. bxc3 dxc4 9. Bxc4 b5 10. Bb3 0-0 11. 0-0 Bf5 12. Qe2 a5 13. e4 Bg4 14. h3 Bxf3 15. Qxf3 a4 16. Bc2 Ra7 17. e5 f6 18. e6 b4 19. Rab1 bxc3 20. Qxc3 f5 21. Rfd1 c5 22. Qxc5 Rc7 23. Qa3 Rxc2 24. Bxe7 Qe8 25. d5 Bb2 26. Rxb2 Rxb2 27. Bxf8 1-0

[Event "Wch U20 Girls 28th"]
[Site "Chotowa"]
[Date "2010.08.14"]
[Round "11"]
[White "Ozturk Orenli, Kubra"]
[Black "Chierici, Marianna"]
[Result "1-0"]
[WhiteElo "2286"]
[BlackElo "2016"]
[PlyCount "123"]
[EventDate "2010.08.03"]
[EventType "swiss"]
[EventRounds "13"]
[EventCountry "POL"]
[SourceTitle "CBM 137 Extra"]
[Source "ChessBase"]
[SourceDate "2010.09.01"]
[SourceVersion "1"]
[SourceVersionDate "2010.09.01"]
[SourceQuality "1"]

1. d4 f5 2. c4 e6 3. g3 Nf6 4. Bg2 c6 5. Nh3 Be7 6. 0-0 0-0 7. b3 d6 8. Bb2 Na6 9. Nd2 d5 10. Nf4 Nc7 11. Nd3 Bd7 12. Nf3 Nce8 13. Nfe5 Nd6 14. Qc2 Be8 15. c5 Nf7 16. b4 Nxe5 17. dxe5 Ng4 18. h3 Nh6 19. Bd4 g5 20. Qd2 Bd7 21. Rfb1 Kh8 22. a4 a6 23. Ra3 Qe8 24. f3 Qg6 25. f4 g4 26. h4 Qh5 27. Bf2 Rg8 28. Ne1 Nf7 29. Nc2 Rg6 30. Rab3 Rag8 31. Qe1 Qh6 32. Nd4 Bxh4 33. gxh4 Qxf4 34. e3 Qxe5 35. Bg3 Qf6 36. Ne2 e5 37. b5 axb5 38. axb5 Nd8 39. bxc6 bxc6 40. Qc3 Re8 41. Rb8 Nf7 42. Rxe8+ Bxe8 43. Rb8 Rg8 44. Rb7 h6 45. Qb2 Kh7 46. Qxe5 Kg7 47. Nd4 Qxe5 48. Bxe5+ Kg6 49. Re7 Nxe5 50. Rb7 Nf7 51. Re7 Ne5 52. Rxe5 Bd7 53. Nxc6 Kh5 54. Ne7 Rb8 55. Nxf5 Bxf5 56. Rxf5+ Kxh4 57. Bxd5 Kg3 58. Kf1 h5 59. Rxh5 Rb1+ 60. Ke2 Re1+ 61. Kd3 Rxe3+ 62. Kd4 1-0

[Event "Wch U20 Girls 28th"]
[Site "Chotowa"]
[Date "2010.08.12"]
[Round "9"]
[White "Chierici, Marianna"]
[Black "Nesterovskaya, Anzhelika"]
[Result "0-1"]
[WhiteElo "2016"]
[BlackElo "2177"]
[PlyCount "110"]
[EventDate "2010.08.03"]
[EventType "swiss"]
[EventRounds "13"]
[EventCountry "POL"]
[SourceTitle "CBM 137 Extra"]
[Source "ChessBase"]
[SourceDate "2010.09.01"]
[SourceVersion "1"]
[SourceVersionDate "2010.09.01"]
[SourceQuality "1"]

1. e4 e5 2. Bc4 Nf6 3. d3 Nc6 4. Nf3 Be7 5. c3 0-0 6. h3 d5 7. exd5 Nxd5 8. 0-0 Nb6 9. Bb5 Bf6 10. Nbd2 g6 11. Re1 Re8 12. a4 a6 13. Bxc6 bxc6 14. Ne4 Bg7 15. Be3 Nd5 16. Bg5 f6 17. Bh4 h6 18. d4 g5 19. dxe5 gxh4 20. c4 f5 21. Nc5 Nf4 22. Qxd8 Rxd8 23. Nxh4 Ne6 24. Nb3 Rb8 25. Na5 Nd4 26. b3 Re8 27. Rad1 c5 28. f4 Rb6 29. Rd3 Be6 30. g3 Reb8 31. Ree3 Kf7 32. Kf2 Bf8 33. Nf3 Nc2 34. Re2 Nb4 35. Rd1 Be7 36. Red2 Rg8 37. Ne1 c6 38. Ng2 h5 39. Ne3 Bc8 40. Kf3 Rb8 41. Kf2 h4 42. g4 fxg4 43. hxg4 Bxg4 44. Rg1 Bh5 45. Rxg8 Rxg8 46. Nf5 Ke6 47. Nxe7 Kxe7 48. Nb7 h3 49. Kf1 Rf8 50. Nxc5 Rxf4+ 51. Kg1 Bg4 52. Kh2 Rf3 53. Ne4 Nd3 54. a5 Re3 55. Nf6 Nxe5 0-1

[Event "EU-chT (Women) 08th"]
[Site "Novi Sad"]
[Date "2009.10.26"]
[Round "5"]
[White "Chierici, Marianna"]
[Black "Robles Garcia, Claudia"]
[Result "0-1"]
[WhiteElo "2053"]
[BlackElo "2256"]
[PlyCount "92"]
[EventDate "2009.10.22"]
[EventType "team-swiss"]
[EventRounds "9"]
[EventCountry "YUG"]
[SourceTitle "EXT 2010"]
[Source "ChessBase"]
[SourceDate "2010.11.25"]
[SourceVersion "1"]
[SourceVersionDate "2010.11.25"]
[SourceQuality "1"]
[WhiteTeam "Italy (W)"]
[BlackTeam "Spain (W)"]
[WhiteTeamCountry "ITA"]
[BlackTeamCountry "ESP"]

1. e4 c5 2. c3 d5 3. exd5 Qxd5 4. Nf3 g6 5. d4 Bg7 6. Be3 cxd4 7. cxd4 Nf6 8. Nc3 Qd8 9. Bc4 0-0 10. 0-0 Nc6 11. h3 Na5 12. Be2 Be6 13. Ne5 Rc8 14. Qa4 a6 15. Rfd1 Nd5 16. Bd2 Nc6 17. Nf3 Ndb4 18. Rac1 Qc7 19. Be1 Rfd8 20. Ne4 Nd5 21. Nc5 Bf5 22. Qb3 b6 23. Nxa6 Qd6 24. Bc4 Be6 25. a3 Qf4 26. Bd2 Qd6 27. Bg5 Na5 28. Qb5 Nxc4 29. Rxc4 Rxc4 30. Qxc4 Ne3 31. Qe2 Nxd1 32. Qxd1 h6 33. Be3 Bc4 34. Nb4 e5 35. d5 Bxd5 36. Nxd5 Qxd5 37. Qxd5 Rxd5 38. Nd2 f5 39. Nc4 b5 40. Na5 e4 41. b3 Rd1+ 42. Kh2 Ra1 43. Bc5 Bf8 44. Bb4 Bxb4 45. axb4 f4 46. Nc6 Rd1 0-1

[Event "Mediterranean-ch 7th"]
[Site "Rijeka"]
[Date "2009.09.17"]
[Round "9"]
[White "Chierici, Marianna"]
[Black "Savic, Miroslav"]
[Result "0-1"]
[WhiteElo "2053"]
[BlackElo "2288"]
[PlyCount "72"]
[EventDate "2009.09.11"]
[EventType "swiss"]
[EventRounds "9"]
[EventCountry "CRO"]
[SourceTitle "CBM 132 Extra"]
[Source "ChessBase"]
[SourceDate "2009.11.03"]
[SourceVersion "1"]
[SourceVersionDate "2009.11.03"]
[SourceQuality "1"]

1. e4 c5 2. Nf3 d6 3. c3 Nf6 4. Bd3 Bg4 5. Na3 Nc6 6. Nc4 a6 7. a4 Rb8 8. a5 e6 9. Ne3 Bxf3 10. gxf3 Nxa5 11. Qa4+ Nc6 12. Bxa6 Qc7 13. Bb5 Be7 14. Bxc6+ bxc6 15. Qa5 Qb7 16. Qa6 d5 17. d3 0-0 18. Qxb7 Rxb7 19. Ra6 Rc8 20. Kd2 c4 21. e5 Nd7 22. dxc4 Nxe5 23. f4 Nd7 24. cxd5 cxd5 25. Nc2 Nc5 26. Ra2 Nb3+ 27. Kd1 Nxc1 28. Kxc1 g6 29. Rd1 Bd6 30. Ra4 Rcb8 31. f5 gxf5 32. b4 Bxh2 33. Nd4 Rc8 34. Kb2 Be5 35. Ne2 Rc4 36. Rg1+ Kf8 0-1

[Event "Mediterranean-ch 7th"]
[Site "Rijeka"]
[Date "2009.09.14"]
[Round "6"]
[White "Chierici, Marianna"]
[Black "Dahdal, Lougain"]
[Result "1-0"]
[WhiteElo "2053"]
[BlackElo "1910"]
[PlyCount "75"]
[EventDate "2009.09.11"]
[EventType "swiss"]
[EventRounds "9"]
[EventCountry "CRO"]
[SourceTitle "CBM 132 Extra"]
[Source "ChessBase"]
[SourceDate "2009.11.03"]
[SourceVersion "1"]
[SourceVersionDate "2009.11.03"]
[SourceQuality "1"]

1. e4 e6 2. d3 d5 3. Nd2 Nf6 4. Ngf3 Nc6 5. e5 Nd7 6. d4 Ncb8 7. Bd3 c5 8. c3 Nc6 9. 0-0 Qb6 10. dxc5 Bxc5 11. Qe2 Qc7 12. Nb3 Be7 13. Bf4 Nf8 14. h3 Ng6 15. Bh2 Bd7 16. Rae1 Qb6 17. Nfd4 a5 18. Nb5 0-0 19. a4 Na7 20. N3d4 Nxb5 21. Bxb5 Bxb5 22. Nxb5 Bc5 23. Kh1 Rfd8 24. f4 Nh4 25. g4 d4 26. Bg3 d3 27. Qe4 Ng6 28. f5 Ne7 29. Bh4 d2 30. Rd1 Rd5 31. fxe6 fxe6 32. Qf4 Ng6 33. Qf7+ Kh8 34. Bf6 Rg8 35. Nc7 Rd3 36. Nxe6 Qc6+ 37. Kh2 Qe4 38. Bxg7+ 1-0

[Event "ITA-ch (Women) 36th"]
[Site "Bratto"]
[Date "2009.08.28"]
[Round "8"]
[White "Brunello, Marina"]
[Black "Chierici, Marianna"]
[Result "1-0"]
[WhiteElo "2159"]
[BlackElo "2021"]
[PlyCount "149"]
[EventDate "2009.08.21"]
[EventType "swiss"]
[EventRounds "9"]
[EventCountry "ITA"]
[SourceTitle "EXT 1999"]
[Source "ChessBase"]
[SourceDate "1998.11.16"]
[SourceVersion "1"]
[SourceVersionDate "1998.11.16"]
[SourceQuality "1"]

1. e4 Nf6 2. e5 Nd5 3. d4 d6 4. c4 Nb6 5. exd6 exd6 6. Nf3 Be7 7. h3 Nc6 8. Bd3 Bf6 9. Be3 0-0 10. 0-0 Nb4 11. Be2 Bf5 12. Na3 Re8 13. Qd2 Na6 14. Rad1 c6 15. Rfe1 Nc7 16. Nh2 Nd7 17. Bf3 d5 18. c5 Ne6 19. Ng4 Be7 20. Bf4 b6 21. cxb6 Qxb6 22. Re2 Bb4 23. Qe3 Bxg4 24. Bxg4 Nxf4 25. Qxf4 Rxe2 26. Bxe2 Re8 27. Bd3 Bxa3 28. bxa3 Qb8 29. Bxh7+ Kf8 30. Qxb8 Rxb8 31. Bf5 Nf6 32. Rc1 Rb6 33. Kf1 Ke7 34. Rc2 Kd6 35. Bd3 Nh5 36. g3 Nf6 37. Ke2 Nd7 38. Bf5 Nb8 39. h4 Na6 40. Bd3 Nc7 41. Ke3 Ne6 42. Rd2 Rb8 43. Bf5 Nc7 44. Kd3 Rb6 45. Bc8 Rb8 46. Bg4 Rb6 47. Bd1 Ra6 48. a4 Na8 49. Rb2 Nb6 50. Rb4 Kc7 51. h5 Nc4 52. Bb3 Nd6 53. g4 Rb6 54. Rxb6 axb6 55. g5 Nf5 56. Bd1 Kd6 57. Bg4 Ne7 58. h6 gxh6 59. gxh6 Ng6 60. h7 Ke7 61. Bf5 Nh8 62. Kc3 Kd6 63. Kb4 f6 64. f3 Nf7 65. Bg6 Nh8 66. Be8 c5+ 67. dxc5+ bxc5+ 68. Kb5 c4 69. Kb4 Kc7 70. Kc3 Kb6 71. Kd4 Ka5 72. a3 Kb6 73. Bb5 Ka5 74. Bd7 Ng6 75. Bf5 1-0

[Event "ITA-ch (Women) 36th"]
[Site "Bratto"]
[Date "2009.08.27"]
[Round "7"]
[White "Chierici, Marianna"]
[Black "Messina, Roberta"]
[Result "1/2-1/2"]
[WhiteElo "2021"]
[BlackElo "1900"]
[PlyCount "89"]
[EventDate "2009.08.21"]
[EventType "swiss"]
[EventRounds "9"]
[EventCountry "ITA"]
[SourceTitle "EXT 1999"]
[Source "ChessBase"]
[SourceDate "1998.11.16"]
[SourceVersion "1"]
[SourceVersionDate "1998.11.16"]
[SourceQuality "1"]

1. g3 e6 2. Bg2 Nf6 3. Nf3 d5 4. d3 Nc6 5. 0-0 Bd6 6. Nbd2 0-0 7. Re1 Bd7 8. e4 dxe4 9. dxe4 e5 10. Nc4 Be6 11. Nxd6 Qxd6 12. Qxd6 cxd6 13. b3 Nb4 14. Re2 Rac8 15. c4 Rfd8 16. Ba3 a5 17. Ne1 Nc6 18. Nc2 a4 19. Rd2 Ne8 20. Rad1 axb3 21. axb3 Na5 22. Rb1 b6 23. Ne3 Rc6 24. f4 f6 25. Bf1 Ra8 26. Bb4 Nb7 27. Kf2 Nc5 28. Kf3 Na6 29. Ra1 Rcc8 30. Rda2 Nac7 31. Nd1 Rxa2 32. Rxa2 Ra8 33. Rd2 Rd8 34. Nc3 Na6 35. Ba3 Nc5 36. b4 Nb7 37. f5 Bf7 38. Bc1 Rc8 39. Nd5 Bxd5 40. exd5 Ra8 41. Bd3 Nc7 42. Ke4 Ra4 43. Rb2 Na6 44. Bd2 b5 45. Bc2 1/2-1/2